000 00875nam a2200277 i 4500
001 bg
100 1 _aRybak, Iwona.
245 1 0 _aLet's study grammar :
_brepetytorium z gramatyki języka angielskiego /
_cIwona Rybak, William Atherton.
260 _aWarszawa :
_bWydawnictwo Szkolne PWN,
_c2004.
300 _a331, [1] s. :
_bil. ;
_c27 cm.
504 _aIndeks.
650 9 _aJęzyk angielski
_xgramatyka
650 9 _aMatura
655 _aMateriały pomocnicze dla szkół ponadgimnazjalnych
700 1 _aAtherton, William.
015 _aPB 19506/2007
020 _a8371956479
040 _cBPK
041 0 _aeng
_apol
044 _aPOL
080 _a811.111'36(075.3-021.66):37.091.27
920 _a83-7195-647-9
942 _cKS
008 070910s2004 pl a f |001 0 eng
999 _c54195
_d54195